[Event "FRA-chT2 East 0708"]
[Site "France"]
[Date "2008.03.16"]
[Round "9.8"]
[White "Desanlis, Anne Sophie"]
[Black "Schmittheisler, Guillaume"]
[Result "1-0"]
[WhiteElo "1904"]
[BlackElo "1827"]
[PlyCount "87"]
[EventDate "2007.10.21"]
[EventType "team"]
[EventRounds "11"]
[EventCountry "FRA"]
[SourceTitle "EXT 2009"]
[Source "ChessBase"]
[SourceDate "2008.11.26"]
[SourceVersion "1"]
[SourceVersionDate "2008.11.26"]
[SourceQuality "1"]
[WhiteTeam "Reims"]
[BlackTeam "Grenoble"]
[WhiteTeamCountry "FRA"]
[BlackTeamCountry "FRA"]

1. c4 e6 2. Nf3 d5 3. b3 c5 4. g3 Nc6 5. Bg2 Be7 6. cxd5 exd5 7. d4 cxd4 8. 0-0 Nf6 9. Nxd4 0-0 10. Bb2 Bc5 11. Nxc6 bxc6 12. Qc2 Qe7 13. Nd2 Ba6 14. Rac1 Bb4 15. a3 Ba5 16. b4 Bb6 17. Qxc6 Qxe2 18. Bxf6 Qxd2 19. Bc3 Bxf2+ 20. Kh1 Qe2 21. Qxd5 Rad8 22. Qg5 f6 23. Qf5 Bb6 24. Be4 g6 25. Qe6+ Kg7 26. Bxf6+ Kh6 27. Qh3+ Qh5 28. Qxh5+ Kxh5 29. Bf3+ Kh6 30. Bxd8 Bxd8 31. Rfd1 Bg5 32. Rc3 Bf6 33. Rc2 Bd8 34. Kg2 Bb5 35. Rcd2 Bg5 36. Rd6 Be3 37. Re1 Bb6 38. h4 Rc8 39. Rd2 Rc3 40. Re5 a6 41. g4 Rxa3 42. Re7 Bf1+ 43. Kg3 Be3 44. Rdd7 1-0

[Event "FRA-ch op-B"]
[Site "Chartres"]
[Date "2005.08.19"]
[Round "4"]
[White "Burtin, Laurent"]
[Black "Schmittheisler, Guillaume"]
[Result "1-0"]
[WhiteElo "1890"]
[BlackElo "1730"]
[PlyCount "31"]
[EventDate "2005.08.15"]
[EventType "swiss"]
[EventRounds "11"]
[EventCountry "FRA"]
[SourceTitle "EXT 2006"]
[Source "ChessBase"]
[SourceDate "2005.11.24"]
[SourceVersion "1"]
[SourceVersionDate "2005.11.24"]
[SourceQuality "1"]

1. e4 e6 2. d3 d5 3. Nd2 Nf6 4. g3 c5 5. Bg2 Nc6 6. Ne2 Be7 7. 0-0 0-0 8. exd5 Nxd5 9. Nb3 e5 10. Nc3 Nxc3 11. bxc3 Qc7 12. Re1 b6 13. d4 Rb8 14. dxe5 Bf5 15. Qf3 Bd7 16. Bf4 1-0

[Event "FRA-ch op-B"]
[Site "Chartres"]
[Date "2005.??.??"]
[Round "8"]
[White "Schmittheisler, Guillaume"]
[Black "Grego, Pierre"]
[Result "0-1"]
[WhiteElo "1730"]
[BlackElo "1913"]
[PlyCount "184"]
[EventDate "2005.08.15"]
[EventType "swiss"]
[EventRounds "11"]
[EventCountry "FRA"]
[SourceTitle "EXT 2006"]
[Source "ChessBase"]
[SourceDate "2005.11.24"]
[SourceVersion "1"]
[SourceVersionDate "2005.11.24"]
[SourceQuality "1"]

1. Nf3 f5 2. c4 Nf6 3. g3 g6 4. b3 Bg7 5. Bb2 0-0 6. Bg2 d6 7. d4 c6 8. 0-0 Na6 9. e3 Nc7 10. Nc3 Qe8 11. Ne2 Bd7 12. Nf4 Rd8 13. d5 c5 14. Ng5 Rb8 15. Qd2 Qc8 16. Rab1 Re8 17. Rfe1 h6 18. Nge6 Nxe6 19. Nxe6 Bxe6 20. Bxf6 Bxf6 21. dxe6 Qc7 22. e4 Bg5 23. f4 Bf6 24. exf5 Bd4+ 25. Kf1 gxf5 26. Qc2 Rf8 27. Ke2 Rf6 28. Kd1 Qc8 29. a3 Qe8 30. Bf3 b5 31. Qd3 bxc4 32. Qxc4 Qb5 33. Kc2 Qa5 34. a4 Qb4 35. Qxb4 Rxb4 36. Bg2 Kg7 37. Re2 Rf8 38. Ree1 Rfb8 39. Bd5 a5 40. Re2 Kf6 41. Rg2 Rg8 42. Kd3 Rg6 43. Rf1 h5 44. h4 Kg7 45. Rf3 Bf6 46. Bc4 Kh6 47. Ke2 Bd4 48. Rf1 Rb8 49. Kf3 Rd8 50. Re1 d5 51. Bb5 Rd6 52. Rge2 Bc3 53. Rd1 d4 54. Bc4 Bb4 55. Re5 Rf6 56. Rd3 Rd8 57. Re2 Rff8 58. Re5 Kg6 59. Re2 Kf6 60. Rg2 Ba3 61. Rdd2 Bc1 62. Rd1 Be3 63. Rd3 Rg8 64. Rd1 Rg4 65. Re1 Rdg8 66. Ree2 R8g7 67. Bd5 Bc1 68. Rc2 Ba3 69. Bc4 Rg8 70. Ra2 Bb4 71. Ra1 Rd8 72. Rd1 Rdg8 73. Rd3 Be1 74. Rd1 Bxg3 75. Rh1 Bxf4 76. Rxg4 Rxg4 77. Rh3 Bd6 78. Rh1 Rg3+ 79. Ke2 f4 80. Ke1 Kf5 81. Ke2 f3+ 82. Kf2 Kf4 83. Bd5 Rg2+ 84. Kf1 d3 85. Rh3 Rg3 86. Rh2 Ke3 87. b4 cxb4 88. Bb3 d2 89. Bd1 Bc5 90. Rg2 Rh3 91. Rg1 f2 92. Rg3+ Rxg3 0-1